Interpreting folklore

Αποθηκεύτηκε σε:
Λεπτομέρειες βιβλιογραφικής εγγραφής
Κύριος συγγραφέας: Dundes, Alan
Μορφή: Βιβλίο
Γλώσσα:English
Δημοσίευση: Bloomington : Indiana University Press, [1980]
Θέματα:
Ετικέτες: Προσθήκη ετικέτας
Δεν υπάρχουν, Καταχωρήστε ετικέτα πρώτοι!

MARC

LEADER 00000nam a2200000 i 4500
001 1/59148
008 071017s1980 eng d
020 |a 0-253-20240-X 
035 |l 10091609 
040 |a GR-MY-UA  |b gre  |e aacr 
041 0 |a eng 
082 0 |a 398.20973  |2 (22) 
100 1 |a Dundes, Alan. 
245 1 0 |a Interpreting folklore /  |c Alan Dundes 
260 |a Bloomington :   |b Indiana University Press,   |c [1980] 
300 |a xiv, 304 σ.;  |c 23 εκ. 
504 |a Βιβλιογραφία: σ. 263-287 
650 0 0 |a Folklore  |x Methodology. 
650 0 0 |a Folklore  |z United States. 
650 0 0 |a Psychoanalysis and folklore. 
852 |a INST  |b RHODES  |e 20071017  |h 398.20973 DUN  |p 005400025415  |q 005400025415  |t BK  |y 0 
901 |a BIBL4-2007-3 
909 |a Ρ  |b 139528 
922 |a 4ΕΛΗ  |b 200709  |c ΕΠΕΑΕΚ2/ΠΤΔΕ  |d ΠΑΠΑΣΩΤΗΡΙΟΥ 
970 |a ΧΑΡΙΟΠΟΛΙΤΟΥ  |b ΚΩΝΣΤΑΝΤΙΝΑ  |z 2007/10/17